000 00488nam a2200157 4500
999 _c4960
_d4960
008 160930b xxu||||| |||| 00| 0 eng d
022 _a16565649
082 _aDPer 303.405 H22 May-Sept 2015 n. 6-10
100 _915593
_aWong, Marcus
245 _aGetting you in the grove/
_cMarcus Wong.
260 _aQuezon City:
_bHardware Zone Phils. Corp.,
_c©2015.
300 _aV11 i9, pages 62-73;
_c30 cm.
500 _aHWM Philippines.
650 0 _915594
_aTechnology
942 _2ddc
_cPER